Foundations of analysis (Record no. 88676)

MARC details
000 -LEADER
campo de control de longitud fija 00555nam a2200169 i 4500
001 - NÚMERO DE CONTROL
campo de control 88676
003 - IDENTIFICADOR DE NÚMERO DE CONTROL
campo de control ES-MaACL
007 - CAMPO FIJO DE DESCRIPCIÓN FÍSICA--INFORMACIÓN GENERAL
campo de control de longitud fija t|
008 - DATOS DE LONGITUD FIJA--INFORMACIÓN GENERAL
campo de control de longitud fija 050105s1966 xxu ||||1| eng d
100 1# - ENTRADA PRINCIPAL--NOMBRE DE PERSONA
Nombre de persona Landau, Edmund.
9 (RLIN) 69929
245 10 - MENCIÓN DEL TÍTULO
Título Foundations of analysis
Resto del título : the arithmetic of whole, rational, irrational and complex numbers /
Mención de responsabilidad, etc. Edmund Landau ; translated by F. Steinhardt.
250 ## - MENCION DE EDICION
Mención de edición [3rd ed.].
260 ## - PUBLICACIÓN, DISTRIBUCIÓN, ETC.
Lugar de publicación, distribución, etc. New York :
Nombre del editor, distribuidor, etc. Chelsea,
Fecha de publicación, distribución, etc. [1966]
300 ## - DESCRIPCIÓN FÍSICA
Extensión XIV, 136 p. ;
Dimensiones 24 cm.
700 1# - ENTRADA AGREGADA--NOMBRE PERSONAL
Nombre de persona Steinhardt, F.
9 (RLIN) 108062
852 ## - LOCALIZACIÓN
Ubicación ES-MaACL
Número de control de estantería E-5320
Sublocalización o colección R.95979
Holdings
Estatus retirado Estado de pérdida Estado de daño No para préstamo Biblioteca de origen Biblioteca actual Ubicación en estantería Fecha de adquisición Fuente de adquisición Total de préstamos Signatura topográfica completa Código de barras Visto por última vez Precio de reemplazo Tipo de ítem Koha
        Biblioteca del Ateneo de Madrid Biblioteca del Ateneo de Madrid Depósito 2 17/01/2008     E-5320 1092625 23/02/2023 23/02/2023 Libro impreso